Statistics for African Countries Ending in Consonants

Click here to take the quiz!

General Stats

  • This quiz has been taken 115 times
    (72 since last reset)
  • The average score is 12 of 14

Answer Stats

Country% Correct
Egypt
92%
Chad
90%
Seychelles
90%
Madagascar
87%
Niger
87%
Senegal
87%
Gabon
85%
Mauritius
85%
South Sudan
85%
Sudan
85%
Cameroon
82%
Central African Republic
82%
Benin
79%
Comoros
79%

Score Distribution

Percentile by Number Answered

Percent of People with Each Score

Your Score History

You have not taken this quiz since the last reset